| 000 | 00800cab a22002175a 4500 | ||
|---|---|---|---|
| 001 | L141679 | ||
| 008 | 071213e20071207xxka f 000 0 eng d | ||
| 035 | _a(Sirsi) u141679 | ||
| 041 | 0 | _aeng | |
| 100 | 1 | _aHeap, Richard | |
| 245 | 0 | 0 |
_aRegional report _bIreland |
| 260 | _c2007 | ||
| 490 | 0 |
_aProperty Week _v72(49) 12 December 2007, 133-143(6) |
|
| 520 | _aReports on market news and deals from around the country. Discusses a regeneration scheme in Bray outside Dublin. Reports on a controversial plan to redevelop Crumlin Road Jail and a former army barracks into a hotel and leisure facility. | ||
| 590 | _aKA | ||
| 651 | 4 | _aIreland (Island of) | |
| 651 | 4 | _aEurope | |
| 690 | _aPROPERTY-COMMERCIAL PROPERTY-COMMERCIAL PROPERTY MARKET | ||
| 700 | 1 | _aNightingale, Victoria | |
| 942 | _n0 | ||
| 999 |
_c79569 _d79569 |
||